Movies Quiz

Random Movies or Director Quiz

'American' Movies Quiz Stats

 Plays Quiz Updated Dec 18, 2014

Also try: 'The' Movies (A-Z)
Challenge
Share
Tweet
Embed
Score 0/16 Timer 05:00
152 Plays Today
% Correct
American Beauty
92.2%
American Pie
88.8%
American Hustle
81.5%
American History X
78.3%
American Psycho
77.8%
American Gangster
72.5%
American Graffiti
72.4%
The American President
69%
% Correct
American Gigolo
65.8%
An American Tail
65%
An American in Paris
63%
The American
58.7%
An American Werewolf in London
56.5%
The Quiet American
39.2%
American Buffalo
33.4%
The American Friend
23.6%

You're not logged in!

Compare scores with friends on all Sporcle quizzes.
Join for Free
OR
Log In

You Might Also Like...

Show Comments

Extras

Top Quizzes Today


Score Distribution

Your Account Isn't Verified!

In order to create a playlist on Sporcle, you need to verify the email address you used during registration. Go to your Sporcle Settings to finish the process.

Report this User

Report this user for behavior that violates our Community Guidelines.

Details: